000 00442nam a2200193Ia 4500
999 _c14052
_d14052
003 0100
005 20190214095148.0
008 130303s9999 xx 000 0 und d
020 _a0394533887
040 _cARRUPELIB
050 _aPZ3.M583 P6
100 _aMichener, James A.
_944648
245 _aPoland
_cJames A. Michener
260 _aLondon
_bCorgi Books
_c1984
300 _axviii, 556p. ;
_c25cm
942 _2lcc
_cMONOGRAPH